00621nam a2200181Ia 4500003000900000008004100009020001800050040001600068080001600084245012200100260002900222300002300251650002200274700002600296942000700322999001700329952009300346IN-BaIIA211028s9999 xx 000 0 eng d a81-7209-030-1 cIIA Library a336.76bMYE 0aInvestment encyclopedia, vol 1 - investor insight.cedited by W. H. Myer  aBangalorebIndmarkc1993 a[various pagings.] aInvestment920861 aMyer,W.H., ed.919722 cBK c11995d11995 00104070aBANbBANcGENd1996-12-31l0o336.76/ MYEp12911r2021-11-05w1996-12-31yBK